00536nam a2200181 a 45000010010000000030011000100080041000210350026000620820014000881000023001022450030001252600037001556500024001929420012002169520091002289980020003199990015003390000-9391ELIB.Books110520 1984  a(ELIB.Books)0000-9543 a268 bCol aColeman, Lucien E. aWhy the Church Must Teach bNashville: Broadman Press c1984 aChristian Education 2ddccBK 00102ddc4070aKBTSbKBTSd2011-05-20l0p10354r2022-01-22 00:00:00w2022-01-22yBK cbate2011-05-20 c9391d9391